| 000 | 01738nam a2200397 a 4500 | ||
|---|---|---|---|
| 003 | BLK | ||
| 005 | 20230714173023.0 | ||
| 008 | 180410b bul|||||r ||||||| ||bul|| | ||
| 020 | _a9789543191338 | ||
| 040 | _aBLK | ||
| 041 |
_aBUL _cBUL |
||
| 080 |
_aМитологични сказания и сюжети _b398.22 _z398.22 |
||
| 080 |
_aРелигиозни учения. Догми. Обожествяване на природата - култ към фалоса и черепа, митове, тотемизъм, табу, манизъм, анимизъм, фетишизъм, тотемизъм. Демони. Космогония. Край на света. Есхатология _b291.2 _z291.2 |
||
| 100 | 1 |
_aИнгърсол, Ернест _972965 |
|
| 245 | 1 | 0 |
_aДраконите и познанието за тях _cЕрнест Ингърсол ; прев. от англ. Ивайло Атанасов. |
| 257 | _aUSA | ||
| 260 |
_aСофия _bШамбала _c2008 _fПерник : Съперник |
||
| 300 |
_a256 с. _bс ил. _c20 см |
||
| 380 | _a3 | ||
| 500 | _aОриг. загл. Dragons and dragon lore / Ernest Ingersoll. | ||
| 650 | 4 |
_aМитология, източна _9285273 |
|
| 653 | _aмитология | ||
| 653 | _aдракони | ||
| 653 | _aлегенди | ||
| 653 | _aтеми | ||
| 653 | _aсюжети | ||
| 659 | _aН | ||
| 700 | 1 |
_aАтанасов, Ивайло _eпрев. от англ. _9380146 |
|
| 852 |
_aЦб 266314 _bЦб |
||
| 856 | 4 | _qpdf | |
| 856 | 4 | _qpdf | |
| 942 |
_cKNG _n0 |
||
| 944 |
_aCR _c12.11.2013 _k30550 _lКети Илиева |
||
| 944 |
_aED _c2023 _kКети |
||
| 999 |
_c146933 _d146933 |
||